Infrastructure in Central and East European Countries: An Overview (Record no. 3396)

MARC details
000 -LEADER
fixed length control field 00540nam a22001817i 4500
001 - CONTROL NUMBER
control field 3446
003 - CONTROL NUMBER IDENTIFIER
control field OSt
005 - DATE AND TIME OF LATEST TRANSACTION
control field 20170126082318.0
007 - PHYSICAL DESCRIPTION FIXED FIELD--GENERAL INFORMATION
fixed length control field tu
008 - FIXED-LENGTH DATA ELEMENTS--GENERAL INFORMATION
fixed length control field 161220s1995 xxu||||| |||| 00| 0 d
024 7# - OTHER STANDARD IDENTIFIER
Standard number or code 3445
Source of number or code RID
040 ## - CATALOGING SOURCE
Transcribing agency OSt
084 ## - OTHER CLASSIFICATION NUMBER
Classification number 10.332
Number source z
100 1# - MAIN ENTRY--PERSONAL NAME
Personal name Hunya, Gabor
245 00 - TITLE STATEMENT
Title Infrastructure in Central and East European Countries: An Overview
Remainder of title Franco-Austria Centre's Workshop, Warsaw, Nov. 1994
260 ## - PUBLICATION, DISTRIBUTION, ETC.
Place of publication, distribution, etc. Wien :
Name of publisher, distributor, etc. Wiener Institut für Internationale Wirtschaftsvergleiche (WIIW),
Date of publication, distribution, etc. 1995.
300 ## - PHYSICAL DESCRIPTION
Extent 23 S. ;
Dimensions 30cm.
942 ## - ADDED ENTRY ELEMENTS (KOHA)
Koha item type Book
Holdings
Withdrawn status Lost status Damaged status Not for loan Home library Current library Shelving location Date acquired Inventory number Total Checkouts Full call number Barcode Date last seen Price effective from Koha item type
        WIIW WIIW Library 03/24/1997 3446   II-6.151 303444 01/26/2017 01/26/2017 Book
The Vienna Instiute for International Economic Studies (wiiw)